00562 2200205 4500001002100000005001500021035002000036007000300056008004100059082001400100084002000114100002400134245007200158250001000230260003600240300002100276650002000297700002700317990001200344INLIS00000000001693420240814095955 a0010-0824000036ta240814 g 0 ind  a899.221 3 a899.221 3 ABI m0 aABIDAH, El Khalieqy1 aMahabbah Rindu /cAbidah El Khalieqy; editor, Akhmad Muhaimin Azzet acet.1 aYogyakarta :bDiva Press,c2007 a401 hlm ;c21 cm 4aFIKSI INDONESIA0 aAKHMAD, Muhaimin Azzet a12134 a